| 000 | 01565cas a2200397 a 4500 | ||
|---|---|---|---|
| 999 |
_c7870 _d7870 |
||
| 001 | 991042020069706706 | ||
| 003 | OSt | ||
| 005 | 20240223110249.0 | ||
| 007 | cr ||||||||||| | ||
| 008 | 120216c20119999sp fr p|o|||| 0|| b|mul| | ||
| 022 |
_a2014-5039 _l2462-6384 |
||
| 035 | _a(ES-BaCBU).b52299867 | ||
| 040 |
_aES-BaBC _bcat _cCDMR _dCDMR |
||
| 041 |
_acat _bpor |
||
| 043 |
_ae-sp--- _be-spc-- _2catmarc |
||
| 044 | _cesp | ||
| 080 | _a654(467.1)(05) | ||
| 245 | 0 | 0 |
_aObra digital _h[Recurs electrònic] : _be-monografies en l'àmbit de la comunicació digital |
| 260 |
_a[Vic] : _bGrup de recerca Interaccions Digitals de la Universitat de Vic, _c2011- |
||
| 310 | _aSemestral | ||
| 362 | 0 | _aNúm. 1 (set. 2011)- | |
| 500 | _aDescripció del recurs: 16 febr. 2012 | ||
| 500 | _aEl terme "arrova" del títol està representat pel seu símbol | ||
| 500 | _aCada núm. té un títol distintiu | ||
| 500 | _aA partir del núm. 11, també es publica en versió impresa | ||
| 500 | _aA partir del núm. 3 la llengua de la publicació és el castellà i el portuguès | ||
| 504 | _aBibliografia | ||
| 546 | _aText en català i portuguès | ||
| 650 | 7 |
_aComunicació audiovisual _zCatalunya _xRevistes. _2lemac |
|
| 710 |
_aGrup de recerca d'interaccions digitals _92907 |
||
| 856 | 4 | 0 |
_zAccés lliure _uhttps://revistesdigitals.uvic.cat/index.php/obradigital/issue/archive |
| 907 |
_a.b52299867 _b18-06-21 _c16-02-12 _d16-02-12 _es _fv _g- _hcat _ispc _j0 _k0 |
||
| 908 |
_aUPC _aUPF _aUdL _aUdG _aURV _aUVic-UCC _aBC _aUAB _aUB |
||
| 940 | _aBC | ||
| 942 |
_2udc _cSER-E |
||